000 00650nam a2200289Ia 4500
005 20260324112337.0
008 008 260324s9999 xx 000 0 eng d
020 _a9781003319696
037 _aEBOOK
040 _aCRL
040 _beng
040 _cCRL
041 _2eng
041 _aeng
084 _qCRL
100 _aDale Mathers; Carola Mathers
_91142303
245 0 _aDreams
245 4 _bThe Basics
260 _bTaylor and Francis
260 _c2024
365 _a
365 _b205
856 _uhttp://www.taylorfrancis.com/books/9781003319696
942 _cEBOOK
999 _c1731469
_d1731469